| 000 | 00540 a2200157 4500 | ||
|---|---|---|---|
| 020 | _a0471713457 | ||
| 040 |
_aDLC _bDLC |
||
| 082 | _a005.1 | ||
| 100 | _aTian, Jeff. | ||
| 245 |
_aSoftware quality engineering: Testing, quality assurance and quantifiable improvement _cJeff Tian |
||
| 260 |
_aNew Jersey: _bWiley, _cc2005. |
||
| 300 |
_axxvi, 412 p. : _bill. ; _c26 cm. |
||
| 500 | _aIncludes bibliographical references and index | ||
| 650 | _a1.Computer software--Quality control. 2.Computer software--Testing. | ||
| 942 |
_cBK _k005.1 TIA _2ddc |
||
| 999 |
_c5752 _d5752 |
||